000
00333nam a22001457a 4500
003
SGT
020
_a
9789388022927
082
_a
615
_b
CHO
100
_a
CHOUHAN DEEPESH
245
_a
ALL IN ONE TEXTBOOK FOR B. PHARMA
260
_a
INDIA
_b
IP PUB
_c
2025
300
_a
189
650
_a
PHARMACEUTICAL SCIENCE
942
_2
ddc
_c
BK
999
_c
34247
_d
34247